|
|
|
|
| LEADER |
00000cam a2200000 7i4500 |
| 001 |
0000000203 |
| 005 |
20000719.0 |
| 020 |
0 |
0 |
|a 9839095048
|
| 090 |
0 |
0 |
|a 658.515
|b AKT 1995
|
| 245 |
0 |
0 |
|a Aktiviti kumpulan kecil untuk TPM
|c diedit oleh Japan Institute of Plant Maintenance
|
| 260 |
0 |
0 |
|a Kuala Lumpur :
|b Ikeda Shinichi & Associates ,
|c 1995
|
| 300 |
|
|
|a viii, 157 p. :
|b ill. ;
|c 21cm.
|
| 500 |
0 |
0 |
|a Terjemahan daripada: "Yasashii TPM shoshudan no susumekata"
|
| 650 |
0 |
0 |
|a Production management
|
| 650 |
0 |
0 |
|a Small groups
|
| 710 |
1 |
1 |
|a Japan Institute of Plant Maintenance
|
| 999 |
|
|
|a 0000001055
|b Monograph
|c Open Shelf
|e Default branch
|